000 01082nam a2200241Ia 4500
999 _c56145
_d56145
001 23246
003 GE_BSU
005 20251110155809.0
008 181216s1971||||ge |||||||||||||| ||geo||
040 _cGE_BSU
041 _ageo
080 _a326(3) + 94(37) ა-48
100 _aალექსიშვილი, მათე
_919009
245 _aმონობა ანტიკურ ქვეყნებში :
_b[ძველ საბერძნეთსა და რომში] /
_cმათე ალექსიშვილი ; რედ. ნ. ლომოური.
264 _aთბილისი :
_bთბილ. უნ-ტის გამ-ბა,
_c1971.
300 _a379გვ. :
_b1 ფ. პორტრ. ;
_c22 სმ.
541 _h10 ლ.
653 _aისტორია
653 _aმონობა ანტიკურ ქვეყნებში
653 _aძველ საბერძნეთსა და რომში
700 _aლომოური, ნ.
_eრედაქტორი
_926191
942 _cBK
_2udc